00629cam a2200205 a 45000010005000000030009000050050017000140080041000310200016000720200018000880400038001060820016001441000021001602450076001812600033002573000028002905040051003186500031003697000023004006238BD-DhUAP20200315122331.0200315s20061992bg abf b f000 0 eng  a8178080885  a9788178080888 aBD-DhUAPcBD-DhUAPdBD-DhUAPbEng a425 QUI223 aQuirk, Randolph. aA university grammar of English /cRandolph Quirk and Sidney Greenbaum. aHarlow : bLongman, cc1973. axi, 484 pages ;c22 cm. aIncludes bibliographical references and index. aEnglish languagevGrammar. aGreenbaum, Sidney